00350nam a22000977a 4500100003400000245012100034260003900155300000900194490002400203650002500227 aDe Zoysa, Ariyananda.L.Mihiri aStructural and Spectroscopic Studies of Cr(111), Mn(11),Fe(111),Fe(11) and Ni(11)Complexes with Nitrogenous Ligands aUSAbUniversity of Louisianac2003 a183p a Dissertations 2003 a ,Dissertations,2003